| 000 | 00344nam a2200133Ia 4500 | ||
|---|---|---|---|
| 008 | 150201s2009 xx 000 0 und d | ||
| 082 |
_a610.72 _bE09S |
||
| 100 | _aSATHE,PV | ||
| 245 | _aEPIDIOLOGY AND MGT FOR HEALTH FOR ALL | ||
| 250 | _a3RD | ||
| 260 |
_bVORA MEDICAL PUB. _aMUMBAI _c2009 |
||
| 650 | _aCOMMUNITY MEDICINE | ||
| 942 |
_2ddc _cBK _04 |
||
| 999 |
_c1139 _d1139 |
||